| 000 | 00993nam a22002897a 4500 | ||
|---|---|---|---|
| 001 | 0002356 | ||
| 003 | DO-SdBNP | ||
| 005 | 20241018102321.0 | ||
| 007 | 0002356 | ||
| 008 | 151104b 1978 mx |||| 00| 0 spa d | ||
| 020 | _a8420432113 | ||
| 040 |
_aBPMSU _bspa _cBPMSU |
||
| 082 | 4 |
_a833.91 _bE56m _222 |
|
| 100 | 1 |
_aEnde, Michael, _d1929-1995. |
|
| 245 | 1 | 0 |
_aMomo o la extraña historia de los ladrones del tiempo y de la niña que devolvió el tiempo a los hombres / _cMichael Ende ; traducción de Susana Constante |
| 250 | _a45 reimpr. | ||
| 260 | 0 |
_aMadrid : _bAlfaguara, _c1995 |
|
| 300 |
_a255 p. ; _bil.: _c22 cm. |
||
| 500 | _3Incluye datos biográficos del autor en la contracubierta | ||
| 500 | _3La biblioteca posee la cuadragésima quinta reimpresión 1995 | ||
| 650 | 4 | _aNOVELA ALEMANA | |
| 650 | 4 | _aLITERATURA ALEMANA | |
| 700 |
_aConstante, Susana, _d1944- _etr. |
||
| 942 |
_2ddc _cBK |
||
| 945 | _aInventariado, 2018/MFF | ||
| 956 |
_2VMATEO _310 _620151207 _8BPMSU _a00151 |
||
| 999 |
_c9028 _d9028 |
||